| 000 | 00665nam a2200217Ia 4500 | ||
|---|---|---|---|
| 008 | 160517s9999 xx 000 0 und d | ||
| 050 | _aHF 5415.335 | ||
| 050 | _b.L933 2016 | ||
| 100 | _aLucas, Tiffany N. | ||
| 245 | _aProfiling customers' perception for tiffany's fusion café's new product offering-kani salad wraps in Parañaque city / | ||
| 245 | _cTiffany N. Lucas. | ||
| 260 | _aLas Piñas, Philippines : | ||
| 260 | _bSISC, | ||
| 260 | _c2016. | ||
| 300 | _a56 pages : | ||
| 300 | _billustrations ; | ||
| 300 | _c28 cm. | ||
| 500 | _aIncludes bibliographical references and appendices. | ||
| 521 | _aBusiness Administration | ||
| 942 | _cTH | ||
| 999 |
_c293970 _d293970 |
||